Statistiques concernant Les plus beaux villages de France

Cliquez ici pour prendre le quiz!

Statistiques générales

  • Ce quiz a été pris 123 fois
  • Le résultat moyen est 11 sur 157

Statistiques - réponses

DépartementPlus beaux villages de France% Correct
VaucluseGordes
36%
CorrèzeCollonges-la-Rouge
26%
LotSaint-Cirq-Lapopie
26%
AveyronConques
25%
HéraultSaint-Guilhem-le-Désert
18%
Bouches-du-RhôneLes Baux-de-Provence
17%
JuraChâteau-Chalon
16%
Haut-RhinEguisheim
16%
VaucluseRoussillon
16%
Pyrénées AtlantiquesAinhoa
15%
FinistèreLocronan
15%
Haute-SavoieYvoire
15%
MorbihanRochefort-en-Terre
14%
AveyronNajac
13%
Haut-RhinRiquewihr
13%
Pyrénées-AtlantiquesSaint-Jean-Pied-de-Port
13%
Charente-MaritimeArs-en-Ré
12%
MancheBarfleur
12%
DordogneDomme
12%
CantalSalers
12%
CorrèzeSégur-le-Château
12%
Charente-MaritimeTalmont-sur-Gironde
12%
ArdècheBalazuc
11%
Val d'OiseLa Roche-Guyon
11%
Ille-et-VilaineSaint-Suliac
11%
Pyrénées-AtlantiquesSare
11%
YonneVézelay
11%
GardAiguèze
9%
AveyronBelcastel
9%
DordogneBeynac-et-Cazenac
9%
SzvoieBonneval-sur-Arc
9%
AveyronEstaing
9%
Côte-d'ArmorMoncontour
9%
AinPérouges
9%
Sainte-Croix-en-JarezSainte-Croix-en-Jarez
9%
MayenneSainte-Suzanne
9%
CorrèzeTurenne
9%
ArdècheVogüé
9%
Haute-LoireBlesle
8%
OiseGerberoy
8%
Bas-RhinHunspach
8%
DordogneLa Roque-Gageac
8%
Haute-LoireLavaudieu
8%
VaucluseLourmarin
8%
LozèreSainte-Enimie
8%
Puy-de-DômeUsson
8%
VaucluseVenasque
8%
Pyrénées-OrientalesVillefranche-de-Conflent
8%
VienneAngles-sur-l'Anglin
7%
CherApremont-sur-Allier
7%
LotAutoire
7%
JuraBaume-lès-Messieurs
7%
CalvadosBeuvron-en-Auge
7%
LotCarennac
7%
AllierCharroux
7%
Alpes-MaritimesGourdon
7%
Pyrénées-AtlantiquesLa Bastide-Clairence
7%
DrômeLa Garde-Adhémar
7%
TarnLautrec
7%
LotLoubressac
7%
AveyronSainte-Eulalie-d'Olt
7%
DordogneSaint-Jean-de-Côle
7%
Haute-LoireArlempdes
6%
DordogneBelvès
6%
Indre-et-LoireCandes-Saint-Martin
6%
LotCapdenac-le-Haut
6%
DrômeLe Poët-Laval
6%
DrômeMirmande
6%
GersMontréal
6%
Charente-MaritimeMornac-sur-Seudre
6%
Alpes-de-Haute-ProvenceMoustiers-Sainte-Marie
6%
AveyronSaint-Côme-d'Olt
6%
Hautes-AlpesSaint-Véran
6%
VaucluseSéguret
6%
VendéeVouvant
6%
CharenteAubeterre-sur-Dronne
5%
Charente-MaritimeBrouage
5%
AveyronBrousse-le-Château
5%
CorrèzeCuremonte
5%
Pyrénées-OrientalesEus
5%
GersFourcès
5%
AveyronLa Couvertoirade
5%
Charente-MaritimeLa Flotte
5%
GersLa Romieu
5%
GersLavardens
5%
Maine-et-LoireMontsoreau
5%
RhôneOingt
5%
Corse-du-SudPiana
5%
IsèreSaint-Antoine-l'Abbaye
5%
Haute-GaronneSaint-Bertrand-de-Comminges
5%
VarTourtour
5%
Tarn-et-GaronneBruniquel
4%
DordogneCastelnau-la-Chapelle
4%
Cote-d'OrChateauneuf
4%
VarGassin
4%
GardLa Roque-sur-Cèze
4%
GersLarressingle
4%
EureLyons-la-Forêt
4%
VaucluseMénerbes
4%
AudeMinerve
4%
DordogneMonpazier
4%
GardMontclus
4%
Indre-et-LoireMontrésor
4%
Haute-VienneMortemart
4%
Pyrénées-AtlantiquesNavarrenx
4%
AisneParfondeval
4%
Haute-LoirePradelles
4%
DordogneSaint-Amand-de-Coly
4%
Saône-et-LoireSemur-en-Brionnais
4%
CantalTournemire
4%
Lot-et-GaronneAuvillar
3%
VarBargème
3%
LotCardaillac
3%
Pyrénées-OrientalesCastelnou
3%
Indre-et-LoireCrissay-sur-Manse
3%
Côte-d'OrFlavigny-sur-Ozerain
3%
Haut-RhinHunawihr
3%
AudeLagrasse
3%
Tarn-et-GaronneLauzerte
3%
EureLe Bec-Hellouin
3%
DordogneLimeuil
3%
DoubsLods
3%
Lot-et-GaronneMonflanquin
3%
YonneNoyers
3%
Haute-SaônePesmes
3%
AveyronPeyre
3%
MoselleRodemack
3%
DordogneSaint-Léon-sur-Vézère
3%
MoselleSaint-Quirin
3%
Haute-CorseSant'Antonino
3%
GersSarrant
3%
Seine-MaritimeVeules-les-Roses
3%
LoiretYèvre-le-Châtel
3%
VaucluseAnsouis
2%
Alpes-MaritimesCoaraze
2%
Pyrénées-OrientalesEvol
2%
IndreGargilesse-Dampierre
2%
LozèreLa Garde-Guérin
2%
Hautes-AlpesLa Grave
2%
GardLussan
2%
Lot-et-GaronnePujols-le-Haut
2%
IndreSaint-Benoît-du-Sault
2%
Alpes-MaritimesSainte-Agnès
2%
CorrèzeSaint-Robert
2%
AveyronSauveterre-de-Rouergue
2%
Haute-SavoieSixt-Fer-à-Cheval
2%
Lot-et-GaronneVilleréal
2%
AriègeCamon
1%
TarnCastelnau-de-Montmiral
1%
RéunionHell-Bourg
1%
Bas-RhinMittelbergheim
1%
Puy-de-DômeMonpeyroux
1%
HéraultOlargues
1%
TarnPuycelsi
1%
OrneSaint-Géneri-le-Gérei
1%
VarSeillans
1%
TarnMonestiés
0%

Distribution des résultats

Percentile par nombre de réponses

% des personnes avec chaque résultat

Votre développement - résultats

Vous n’avez pas pris ce quiz